000 00994nam2a2200253 4500
001 RU\NLR\BIBL_A\016241757
005 20240822090026.0
010 _a978-5-04-174524-0
_95000
021 _aRU
_bКН-П-22-084795
_9КН-П-22-7489
035 _a(NLR Aleph) 016241757
090 _a12799585
_c12799585
100 _a20221219d2023 u y0rusy50 ca
101 0 _arus
102 _aRU
105 _aa z 000ay
200 1 _aТайна Марко
210 _d2023 [т. е. 2022]
215 _a349 с.
_cил.
300 _aКн. фактически изд. в 2022 г.
461 0 _1001RU\NLR\BIBL_A\016237347
_12001#$aГрация королевы небес$fАнна Шерри$v#1
_1700#1$aШерри$bА.$f1981-$gАна$3RU\NLR\AUTH\770226216
_912786533
_aШерри, А. (1981-)
_cМосква
_d2023
_fАнна Шерри
_nЭксмо
_tГрация королевы небес
_v#1
942 _cBOOK
980 _aNB